Pengaliran berita antarabangsa di Malaysia

Bibliographic Details
Main Author: Mohd.Safar Hasim
Format: Book
Published: Kuala Lumpur : Dewan bahasa dan pustaka , 1991
Subjects:

MARC

LEADER 00000cam a2200000 7i4500
001 0000058513
005 20160111.0
008 160111
020 |a 9836223975 
090 0 0 |a 070.409595   |b MOH 
100 1 |a Mohd.Safar Hasim 
245 1 0 |a Pengaliran berita antarabangsa di Malaysia   |c Mohd.Safar Hasim 
260 |a Kuala Lumpur :   |b Dewan bahasa dan pustaka ,   |c 1991 
650 0 |a Bernama 
650 0 |a Foreign news,Malaysia 
650 0 |a News agencies,Malaysia 
999 |a 0000350800   |b Book   |c Adult Collection   |e Cawangan Pontian